000 00542nam a22001817a 4500
008 161015b xxu||||| |||| 00| 0 eng d
020 _a971160423x
082 _22000
_aDFil 341
_bC88
100 _916351
_aCruz, Isagani A.
245 _aInternational law/
_cIsagani A. Cruz.
250 _a2000 edition
260 _aQuezon City:
_bCentral Law Book Publishing Co.,Inc.,
_cc2000.
300 _aiii, 338 pages;
_c24 cm.
500 _aIncludes appendices.
650 0 _916352
_aInternational law.
365 _b465.00
_cPhp.
942 _2ddc
_cDFIL
999 _c5279
_d5279